El resultado global y la utilidad de la información contable (Registro nro. 17872)

Detalles MARC
000 -LEADER
fixed length control field 00415 a2200121 4500
001 - CONTROL NUMBER
control field ART_46120
005 - DATE AND TIME OF LATEST TRANSACTION
control field 20260410161731.0
008 - FIXED-LENGTH DATA ELEMENTS--GENERAL INFORMATION
fixed length control field 260409a
100 1# - MAIN ENTRY--PERSONAL NAME
Personal name Casal, María del Carmen
245 10 - TITLE STATEMENT
Title El resultado global y la utilidad de la información contable
700 1# - ADDED ENTRY--PERSONAL NAME
Personal name Maestromey, Marcelina
773 0# - HOST ITEM ENTRY
Title Escritos contables y de administración
Related parts - Vol. 1, Nº 2 (jul./dic. 2010)
Record control number REV2758

No hay ítems disponibles.